000 00719nam a22002297a 4500
999 _c11243
_d11243
003 AR-CdUCM
008 190329b ||||| |||| 00| 0 spa d
040 _aMUNICIPALIDAD PROVINCIAL DEL CUSCO
_cBIBLIOTECA MUNICIPAL DEL CUSCO
041 _hpor
082 _a868.883 /
_bQ27 / 1947
100 _aEça de Queiroz, José Maria
_926098
245 _aLos Maias :
_bnovela /
260 _aBuenos Aires :
_bArgos,
_c1947.
300 _a337 páginas ;
_c20 cm.
440 _aObras de ficción
_927051
500 _aTítulo original: Os Maias. Texto a dos columnas
650 _aNovelas portuguesas
_927052
650 _aSiglo XX
_98
700 _aParedes, Juan (Traductor)
_927053
942 _2ddc
_cLIBROS
945 _awfj